| 000 | 00848cam a22002774 4500 | ||
|---|---|---|---|
| 999 |
_c2724 _d2724 |
||
| 001 | 10563632 | ||
| 003 | GBCCL | ||
| 005 | 20241126110437.0 | ||
| 008 | 050613s2005 enka 000 0 eng d | ||
| 015 |
_aGBA553430 _2bnb |
||
| 016 | 7 |
_a013218907 _2Uk |
|
| 020 | _a1850786372 | ||
| 020 | _a9781850786375 | ||
| 035 | _a(OCoLC)ocn855849075 | ||
| 035 | _a10563632 | ||
| 040 |
_aCUD _beng _cCUD _dBAKER _dBTCTA _dUKM _dCtY-D |
||
| 082 | 0 | 4 |
_a270.09596 _a270.095960904 _222 _bSLO |
| 100 | 1 |
_aSloggett, Brenda. _95752 |
|
| 245 | 1 | 0 |
_aJewels of Cambodia / _cBrenda Sloggett. |
| 260 |
_aBletchley, Bucks : _bAuthentic, _cc2005. |
||
| 300 |
_a198 p. : _bill. ; _c20 cm. |
||
| 610 | 2 | 0 |
_aWorld Vision International Cambodia. _95753 |
| 650 | 0 |
_aChristian communities _zCambodia. _95754 |
|
| 651 | 0 |
_aCambodia _xChristianity _y20th century. _95755 |
|
| 942 |
_2ddc _cBK |
||